[Event "Nuremberg Zabo op 23rd"]
[Site "Nuremberg"]
[Date "2023.09.17"]
[Round "4"]
[White "Klinger, Klaus"]
[Black "Albayrak, Nese Pinar"]
[Result "0-1"]
[WhiteElo "1623"]
[BlackElo "1904"]
[PlyCount "84"]
[EventDate "2023.09.15"]
[EventType "swiss"]
[EventRounds "5"]
[EventCountry "GER"]
[SourceTitle "EXT 2024"]
[Source "ChessBase"]
[SourceDate "2023.10.10"]
[SourceVersion "1"]
[SourceVersionDate "2023.10.10"]
[SourceQuality "1"]

1. e4 e5 2. Nf3 Nc6 3. Bb5 a6 4. Ba4 Nf6 5. Qe2 b5 6. Bb3 Be7 7. c3 d6 8. d4 Bg4 9. dxe5 Nxe5 10. Qe3 Nxf3+ 11. gxf3 Bd7 12. Rg1 0-0 13. Qh6 Ng4 14. Qh5 Ne5 15. Bh6 Ng6 16. f4 gxh6 17. Rxg6+ hxg6 18. Qxg6+ Kh8 19. Qxh6+ Kg8 20. Qg6+ Kh8 21. Bxf7 Rxf7 22. Qxf7 Qe8 23. Qxe8+ Rxe8 24. Nd2 Bg4 25. f3 Bh4+ 26. Ke2 Be6 27. Rg1 a5 28. h3 Kh7 29. f5 Bxf5 30. Ke3 Bg6 31. f4 Bxe4 32. Nxe4 d5 33. Rg4 Rxe4+ 34. Kf3 Bf6 35. f5 Rxg4 36. Kxg4 c5 37. Kf4 Kh6 38. b4 cxb4 39. cxb4 a4 40. h4 Kh5 41. Kg3 Bxh4+ 42. Kf4 Bf6 0-1

[Event "Nuremberg op"]
[Site "Nuremberg"]
[Date "2019.11.16"]
[Round "2"]
[White "Klinger, Klaus"]
[Black "Brinkmann, Jorg"]
[Result "1-0"]
[WhiteElo "1501"]
[BlackElo "1191"]
[PlyCount "69"]
[EventDate "2019.11.15"]
[EventType "swiss"]
[EventRounds "5"]
[EventCountry "GER"]
[SourceTitle "CBM 193 Extra"]
[Source "ChessBase"]
[SourceDate "2020.01.31"]
[SourceVersion "1"]
[SourceVersionDate "2020.01.31"]
[SourceQuality "1"]

1. d4 e6 2. Bf4 d5 3. e3 c5 4. c4 Nf6 5. Bxb8 Rxb8 6. Qa4+ Bd7 7. Qb3 Bc6 8. Nd2 Ne4 9. Ngf3 Nxd2 10. Nxd2 Be7 11. cxd5 Bxd5 12. Qa4+ Bc6 13. Bb5 Qb6 14. Bxc6+ bxc6 15. 0-0 0-0 16. Nc4 Qc7 17. Rfd1 Rb4 18. Qc2 Rfb8 19. b3 cxd4 20. Rxd4 Bf6 21. Rad1 Bxd4 22. Rxd4 c5 23. Rh4 g6 24. g3 Rd8 25. Kg2 a5 26. a3 Rb5 27. Nd2 Rdb8 28. Qc3 Qc6+ 29. f3 Rd8 30. Ne4 c4 31. Nf6+ Kf8 32. Rxc4 Qb7 33. Rc7 Qa8 34. Nxh7+ Ke8 35. Qh8# 1-0

[Event "Nuremberg Zabo op 20th"]
[Site "Nuremberg"]
[Date "2018.09.15"]
[Round "2"]
[White "Klinger, Klaus"]
[Black "Schommen, Mario"]
[Result "1-0"]
[WhiteElo "1593"]
[BlackElo "1002"]
[PlyCount "57"]
[EventDate "2018.09.15"]
[EventType "swiss"]
[EventRounds "5"]
[EventCountry "GER"]
[SourceTitle "EXT 2020"]
[Source "ChessBase"]
[SourceDate "2019.10.17"]
[SourceVersion "1"]
[SourceVersionDate "2019.10.17"]
[SourceQuality "1"]

1. d4 Nf6 2. Bf4 d5 3. Nd2 Nc6 4. e3 a6 5. c4 e6 6. a3 Bd6 7. Bxd6 Qxd6 8. c5 Qe7 9. Bd3 0-0 10. b4 e5 11. dxe5 Nxe5 12. Bc2 c6 13. Ne2 a5 14. Nd4 g6 15. N2b3 axb4 16. axb4 Rxa1 17. Qxa1 Nc4 18. 0-0 Ne4 19. Qd1 Nc3 20. Qa1 Nb5 21. Nxb5 cxb5 22. Nd4 Nd2 23. Rd1 Ne4 24. Nxb5 Qg5 25. Qd4 Be6 26. Bxe4 dxe4 27. Qxe4 Bf5 28. Qxb7 Be6 29. Nd6 1-0

[Event "Mittelfranken-chTB2b 0910"]
[Site "Mittelfranken"]
[Date "2009.12.06"]
[Round "4.7"]
[White "Klinger, Klaus"]
[Black "Frank, Werner1111"]
[Result "0-1"]
[WhiteElo "1551"]
[BlackElo "1872"]
[PlyCount "150"]
[EventDate "2009.10.11"]
[EventType "team-tourn"]
[EventRounds "9"]
[EventCountry "GER"]
[SourceTitle "EXT 2011"]
[Source "ChessBase"]
[SourceDate "2010.11.26"]
[SourceVersion "1"]
[SourceVersionDate "2010.11.26"]
[SourceQuality "1"]
[WhiteTeam "Postbauer Heng II"]
[BlackTeam "Heilsbronn"]
[WhiteTeamCountry "GER"]
[BlackTeamCountry "GER"]

1. e4 e5 2. d4 d6 3. dxe5 dxe5 4. Qxd8+ Kxd8 5. Nf3 f6 6. Bc4 c6 7. a3 Kc7 8. Be3 Nd7 9. Nbd2 Bc5 10. Bxc5 Nxc5 11. a4 Be6 12. Bxe6 Nxe6 13. b4 Ne7 14. c3 Rad8 15. Rd1 Rd7 16. g3 Rd3 17. Rc1 Rhd8 18. Ke2 g5 19. Rhd1 Ng6 20. Ne1 Ngf4+ 21. gxf4 Nxf4+ 22. Kf1 Rxd2 23. Rxd2 Rxd2 24. Rc2 Rd1 25. f3 h5 26. Kf2 Ra1 27. a5 Rd1 28. Ng2 Nxg2 29. Kxg2 Kd6 30. h4 Ke6 31. hxg5 fxg5 32. Kh2 Kf6 33. Kg3 Kg6 34. Kh3 h4 35. Kh2 Kh5 36. Kg2 Rd3 37. Kf2 g4 38. fxg4+ Kxg4 39. Ke2 Rg3 40. Rc1 h3 41. Kf2 Kf4 42. c4 Rg2+ 43. Kf1 Rb2 44. Kg1 Kxe4 45. b5 cxb5 46. c5 a6 47. c6 bxc6 48. Rxc6 Ra2 49. Rxa6 b4 50. Rb6 Rxa5 51. Rxb4+ Kf3 52. Rb3+ Kg4 53. Rb4+ Kf5 54. Rb3 h2+ 55. Kxh2 e4 56. Kg3 Ke5 57. Kf2 Kf4 58. Rb2 Rh5 59. Rb4 Rh2+ 60. Ke1 Kf3 61. Rb8 Rh1+ 62. Kd2 e3+ 63. Kd3 Rd1+ 64. Kc2 Rd4 65. Rf8+ Ke2 66. Re8 Rc4+ 67. Kb3 Rc5 68. Kb2 Rf5 69. Kc2 Rf2 70. Kc1 Kf3 71. Rf8+ Kg2 72. Rh8 Rf1+ 73. Kc2 e2 74. Rg8+ Kh3 75. Rh8+ Kg4 0-1